Új kisfilmek készülnek Csongrád megye, Szeged és a járás életéből
Elmentve itt :
| Dokumentumtípus: | Cikk |
|---|---|
| Megjelent: |
1963-07-07
|
| Sorozat: | Délmagyarország
53 No. 157 |
| Kulcsszavak: | Kisfilmgyártás Szeged 1963, Szeged népszerűsítése kisfilm 1963, kisfilm, amatőrfilm |
| Online Access: | http://dmarchiv.bibl.u-szeged.hu/75438 |
| LEADER | 00521nab a2200145 i 4500 | ||
|---|---|---|---|
| 001 | delm75438 | ||
| 005 | 20180928084335.0 | ||
| 008 | 180928s1963 hu o 0|| hun d | ||
| 040 | |a SZTE Délmagyarország Archívum |b hun | ||
| 041 | |a hun | ||
| 245 | 0 | 0 | |a Új kisfilmek készülnek Csongrád megye, Szeged és a járás életéből |h [elektronikus dokumentum] |
| 260 | |c 1963-07-07 | ||
| 300 | |a 9 | ||
| 490 | 0 | |a Délmagyarország |v 53 No. 157 | |
| 695 | |a Kisfilmgyártás Szeged 1963, Szeged népszerűsítése kisfilm 1963, kisfilm, amatőrfilm | ||